000 00945nam a2200253Ia 4500
003 OSt
005 20221005112232.0
006 a|||||r|||| 00| 0
007 ta
008 221004b |||||||| |||| 00| 0 pan d
020 _a9788171435173
_c200
024 _a116924
037 _b606, 17/02/2012, H.K. Prakashan
_cTextual
040 _aCRL
_cCRL
_bpan
041 _2pan
_apan
082 _aQ8441:33:g, 153Q0
100 _aਹਰੀ ਸਿੰਘl ਪ੍ਰਿਤਪਾਲ ਕੌਰ, ਥਦ।
_9624302
245 0 _aਗੁਰੂ ਨਾਨਕ ਸਾਰ ਬਚਨਾਵਲੀ
260 _aਅੰਮ੍ਰਿਤਸਰ
_bਰਵੀ ਸਾਹਿਤ ਪ੍ਰਕਾਨ ਭਾਰਤ
_c2010
300 _a200ਪੰ
_ccm.
650 _aਧਰਮ
942 _hQ8441:33:g, 153Q0
_cTEXL
_2cc
999 _c1024278
_d1024278